000 00478nam a2200181Ia 4500
999 _c15023
_d15023
003 OSt
005 20201022113026.0
008 190216s9999||||xx |||||||||||||| ||und||
040 _coclc
082 _a824.08
_bAJA/E
100 _aAjaison
_95385
245 0 _aEnglish Essays /
_cAjaison
250 _a1st Ed.
260 _bKaygee Publishers ,
_c2006.
_aMeerut:
300 _a600p
650 _aEnglish
942 _cBK
_2ddc
_h824.08
_iAJA/E
_k824.08
_mAJA/E